[Event "BCF-ch Yates op"]
[Site "Coventry"]
[Date "2015.08.01"]
[Round "2"]
[White "Bradley, Sam A"]
[Black "Carr, John W"]
[Result "1/2-1/2"]
[WhiteElo "122"]
[BlackElo "1392"]
[PlyCount "125"]
[EventDate "2015.07.31"]
[EventType "swiss"]
[EventRounds "5"]
[EventCountry "ENG"]
[SourceTitle "CBM 167 Extra"]
[Source "ChessBase"]
[SourceDate "2015.09.14"]
[SourceVersion "1"]
[SourceVersionDate "2015.09.14"]
[SourceQuality "1"]

1. Nf3 Nf6 2. d4 d5 3. e3 c6 4. c4 e6 5. Nc3 Be7 6. Bd3 Nbd7 7. 0-0 0-0 8. Bd2 Re8 9. Rc1 Bf8 10. cxd5 Nxd5 11. e4 Nxc3 12. Bxc3 g6 13. Qd2 Bg7 14. e5 a5 15. Rfd1 b5 16. a3 Bb7 17. b4 a4 18. Qc2 Nb6 19. h4 Rf8 20. h5 Qe8 21. Nh4 f5 22. exf6 Rxf6 23. hxg6 h6 24. Re1 Qd7 25. Nf3 Rff8 26. Ne5 Bxe5 27. Rxe5 Kg7 28. Bd2 Nd5 29. Bxh6+ Kxh6 30. Qd2+ Kg7 31. Rh5 Rh8 32. Rh7+ Rxh7 33. gxh7 Kh8 34. Qh6 Qe7 35. Re1 Qf6 36. Rxe6 Qxh6 37. Rxh6 Rf8 38. g4 Rf6 39. Rh4 Rf3 40. Be4 Rxa3 41. Rh6 Nc3 42. Bf5 Ne2+ 43. Kh2 Nxd4 44. Be4 Nf3+ 45. Kg2 Ng5 46. f3 Nxe4 47. fxe4 Rc3 48. Re6 a3 49. Kf2 Rb3 50. Re8+ Kxh7 51. Re7+ Kg6 52. Rxb7 Rb2+ 53. Kf3 a2 54. Ra7 Rxb4 55. Rxa2 c5 56. Ra6+ Kf7 57. g5 Ra4 58. Rc6 c4 59. Ke3 Ra3+ 60. Kd4 Rd3+ 61. Kc5 Rb3 62. Kd4 Rd3+ 63. Kc5 1/2-1/2